Library Banner

The partition omnibus : (Record no. 136612)

MARC details
000 -LEADER
fixed length control field 00440nam a22001577a 4500
005 - DATE AND TIME OF LATEST TRANSACTION
control field 20250110094352.0
008 - FIXED-LENGTH DATA ELEMENTS--GENERAL INFORMATION
fixed length control field 250110b |||||||| |||| 00| 0 eng d
020 ## - INTERNATIONAL STANDARD BOOK NUMBER
International Standard Book Number 0195658507
040 ## - CATALOGING SOURCE
Transcribing agency PK-LaUMT
082 ## - DEWEY DECIMAL CLASSIFICATION NUMBER
Classification number 954.0359
Item number PAR-
245 ## - TITLE STATEMENT
Title The partition omnibus :
Remainder of title the origins of the partition of India 1936-1947 /
260 ## - PUBLICATION, DISTRIBUTION, ETC. (IMPRINT)
Place of publication, distribution, etc New Dehli :
Name of publisher, distributor, etc Oxford University Press,
Date of publication, distribution, etc 2002
300 ## - PHYSICAL DESCRIPTION
Extent var + 349 p
546 ## - LANGUAGE NOTE
Language note Eng
942 ## - ADDED ENTRY ELEMENTS (KOHA)
Koha item type Books
Holdings
Withdrawn status Lost status Damaged status Home library Current library Date acquired Full call number Barcode Date last seen Price effective from Koha item type
      UMT Main Campus UMT Main Campus 2025-01-10 954.0359 PAR- 148460 2025-01-10 2025-01-10 Books